NTA UGC Net Set JRF Paper-1 Teaching and Research Aptitutde Question Bank 3000+ MCQs (Record no. 12675)
[ view plain ]
| 000 -LEADER | |
|---|---|
| fixed length control field | 00403nam a22001577a 4500 |
| 003 - CONTROL NUMBER IDENTIFIER | |
| control field | OSt |
| 008 - FIXED-LENGTH DATA ELEMENTS--GENERAL INFORMATION | |
| fixed length control field | 240509b |||||||| |||| 00| 0 eng d |
| 020 ## - INTERNATIONAL STANDARD BOOK NUMBER | |
| International Standard Book Number | 9789356811478 |
| 082 ## - DEWEY DECIMAL CLASSIFICATION NUMBER | |
| Classification number | 004. SON |
| 100 ## - MAIN ENTRY--PERSONAL NAME | |
| Personal name | SODHI,TS |
| 245 ## - TITLE STATEMENT | |
| Title | NTA UGC Net Set JRF Paper-1 Teaching and Research Aptitutde Question Bank 3000+ MCQs |
| 250 ## - EDITION STATEMENT | |
| Edition statement | 1st Ed |
| 260 ## - PUBLICATION, DISTRIBUTION, ETC. (IMPRINT) | |
| Place of publication, distribution, etc | New Delhi |
| Name of publisher, distributor, etc | GKP |
| 300 ## - PHYSICAL DESCRIPTION | |
| Extent | 457 |
| 942 ## - ADDED ENTRY ELEMENTS (KOHA) | |
| Source of classification or shelving scheme | Dewey Decimal Classification |
| Koha item type | Text Books |
| Withdrawn status | Lost status | Source of classification or shelving scheme | Damaged status | Not for loan | Collection code | Home library | Current library | Date acquired | Source of acquisition | Currency | Cost, normal purchase price | Bill Number | Total Checkouts | Full call number | Acc. no. / Barcode | Date last seen | Actual Cost, discounted price | Bill Date | Koha item type | Date last borrowed |
|---|---|---|---|---|---|---|---|---|---|---|---|---|---|---|---|---|---|---|---|---|
| Dewey Decimal Classification | GENERAL | PIET C-LIBRARY | PIET C-LIBRARY | 27/03/2024 | Zafaa Books and Distributors | In rupees | 555.00 | ZBD0468 | 378.0076 SON | 36826 | 09/05/2024 | 388.50 | 27/03/2024 | Reference Books | ||||||
| Dewey Decimal Classification | GENERAL | PIET C-LIBRARY | PIET C-LIBRARY | 27/03/2024 | Zafaa Books and Distributors | In rupees | 555.00 | ZBD0468 | 5 | 378.0076 SON | 36827 | 11/05/2026 | 388.50 | 27/03/2024 | Text Books | 27/04/2026 |